Normal view
MARC view
Entry Personal Name
001 - CONTROL NUMBER
- control field: 6490
003 - CONTROL NUMBER IDENTIFIER
- control field: HDC
005 - DATE AND TIME OF LATEST TRANSACTION
- control field: 20230624073231.0
008 - FIXED-LENGTH DATA ELEMENTS
- fixed length control field: 210123|| aca||aabn | a|a d
040 ## - CATALOGING SOURCE
- Original cataloging agency: HDC
- Transcribing agency: HDC
100 ## - HEADING--PERSONAL NAME
- Personal name: Teixeira, José A.,
- Fuller form of name: (José António),
- Dates associated with a name: 1957-
670 ## - SOURCE DATA FOUND
- Source citation: Work cat.: (HDC)0: Engineering Aspects of Milk and Dairy Products /, 2010
